000 00220nam a22000857a 4500
008 170616b xxu||||| |||| 00| 0 eng d
100 _93470
_aSingh. A. I
245 _aThe partition of India
260 _aNew Delhi
_bN. B. T
_c2007
999 _c6844
_d6844